00788nam a22002057a 4500999001900000005001700019010001500036020003000051035001400081037001300095082000800108100001900116245004600135260006100181270007700242300007000319500002500389942002200414952014600436 c177682d17768220210225130635.0 aENG-129060 c699.00a978-1-7812-5919-1 aEN-112592 bDBAD/PUB a158 aGreene, Robert aThe Laws of Human Nature/cRobert Greene  aGurugrambHachette Book Publishing India Pvt. Ltd.c2018 bGurugrama4th/5th Floors, Corporate Centre, Plot No- 94, Sec- 44e122003 a609p.c23cm(pbk)bIncluding bibliographical references and index. aThe 48 Laws of Power 2ddccENh158mGRE 001040708NFICaAVbAVd2021-02-25eDBAD/PUBg699.00l14m8o158 GREpEN-112592r2024-08-05 00:00:00s2024-07-30t1v699.00w2021-02-25yEN